00234nam a2200109Ia 4500008004100000041001200041082001100053100001400064245003400078260000600112650000600118221030s9999 xx 000 0 und d aEnglish a105.23 aI. Kaplan 0aNuclear Physicscby I. Kaplan c0 aB